LDR 00618naa#a2200169#i#450# 001 EN\INFRA-M\bibl\119000 005 20260416211659.4 011 ## _a3033-8166 100 ## _a20260330b2026####ek#y0engy0150####ca 102 ## _aRU 200 1# _aCurrent Specifics of Business Development for a Management Company Acting as a Professional Participant in the Securities Market _eJournal article 210 1# _aMoscow _cINFRA-M Academic Publishing LLC. _d2026 215 ## _a5 с. 608 ## _aJournal article _2local 675 ## _aВклады капитала в ценные бумаги. 336.767 _z 700 #1 _aDyuryagin _gA. V. 856 4# _anaukaru.ru _u